000 01146nam a2200325 i 4500
003 EG-GICUC
005 20260121101537.0
008 251224s1978 ua ||||fr|||| 00| 0 ara d
017 _a19783254
020 _a977201252-
040 _a EG-GICUC
_bara
_c EG-GICUC
_d EG-GICUC
_erda
041 0 _aara
082 0 4 _221
_a345.46
_bس م . ت
092 0 4 _221
099 _aLaw1 07 345.46 س م . ت 1978
100 0 _aسمير صادق
_eمؤلف.
245 1 0 _aتقارير الكفاية والرقابة القضائية عليها /
_cسمير صادق.
264 1 _aالقاهرة :
_bالهيئة المصرية العامة للكتاب,
_c1978.
300 _a237 صفحة ;
_c24 سم.
336 _2rda content
_atext
337 _2rda media
_aComputer
338 _2rda carrier
_aOnline Resource
504 _aيشتمل على إرجاعات ببليوجرافية.
546 _aالنص باللغة العربية
650 1 4 _aتقارير الكفاية
_xالقانون الاداري
651 1 _2qrmak
856 4 0 _uhttps://fll.law.cu.edu.eg/fulltext/bks/B07-01830.pdf
905 _a75
942 _2ddc
_cBK
_e21
_n0
999 _c52469
_d52469